000 00769nam a22002897a 4500
001 0065926
003 KOHA_MİRAKIL
005 20260207004621.0
007 ta
008 210104b2001 tu |||gr||||#0|||1|tur |
020 _a9754710104
040 _aTR-BiSEU
_btur
_cTR-BiSEU
_erda
041 0 _atur
044 _ctu
050 _aPE1112
_b.I54 2001
245 0 _aİngilizce dilbilgisi/
_cEditör Bahire Şerif.
264 1 _aİstanbul :
_bFono Yayınları
_c2001
300 _a590 sayfa: resimli; 20 cm
336 _ametin
_btxt
_2rdacontent
337 _aaracısız
_bn
_2rdamedia
338 _acilt
_bnc
_2rdacarrier
650 0 _aDil.
_91577
650 0 _aİngilizce.
_91578
650 0 _aİngilizce' nin grameri.
_91579
907 _aDil
942 _2lcc
_cBK
999 _c66309
_d66309